Normal view
MARC view
Entry Topical Term
001 - CONTROL NUMBER
- control field: 12399
003 - CONTROL NUMBER IDENTIFIER
- control field: dpl
005 - DATE AND TIME OF LATEST TRANSACTION
- control field: 20100813120137.0
008 - FIXED-LENGTH DATA ELEMENTS
- fixed length control field: 100813|||a|||||| | ||| d
040 ## - CATALOGING SOURCE
- Original cataloging agency: dpl
- Transcribing agency: dpl
150 ## - HEADING--TOPICAL TERM
- Topical term or geographic name as entry element: Operations research
670 ## - SOURCE DATA FOUND
- Source citation: Work cat.: (dpl)41519: Operational Research Society of India ORSI Annual Convention on Vision 2020: the strategic role of operational research (37th: 2005: Ahmedabad) 12397, Vision 2020 :, 2006
670 ## - SOURCE DATA FOUND
- Source citation: Work cat.: (dpl)41519: Operational Research Society of India ORSI Annual Convention on Vision 2020: the strategic role of operational research (37th: 2005: Ahmedabad) 12397, Vision 2020 :, 2006
